000 00982nam a2200253Ia 4500
003 OSt
005 20220923225540.0
006 a|||||r|||| 00| 0
007 ta
008 220922b |||||||| |||| 00| 0 mal d
024 _a270,912
037 _cTextual
040 _aARTS
_cARTS
_bmal
041 _2mal
_amal
082 _aO32,3N31x, 152M1
100 _aविश्वन, टी. एन., संपा.
_9160956
245 0 _aएस के पोट्टेक्काट और एनकी श्रेष्ठ कहानियॉं
246 _aEs ke poṭṭekkāṭ aur enakī shreṣhṭha kahāniyaॉan
260 _aकोचि
_b केरल हिन्दी साहित्य मण्डल
_c1981
300 _a344पृ0
_ccm.
650 _aमलयालम साहित्य
_9156264
942 _hO32,3N31x, 152M1
_cTEXL
_2CC
999 _c379011
_d379011